Derecho tributario y aduanero : Tratamiento constitucional, penal y contencioso administrativo /
Guardado en:
| Otros Autores: | , , , , |
|---|---|
| Formato: | Libro |
| Idioma: | Spanish |
| Publicado: |
Buenos Aires :
Hammurabi,
2017
|
| Edición: | 1º ed. |
| Materias: | |
| Etiquetas: |
Agregar Etiqueta
Sin Etiquetas, Sea el primero en etiquetar este registro!
|
| LEADER | 01123nam a22002295a 4500 | ||
|---|---|---|---|
| 001 | DER.der013487 | ||
| 008 | 180615s2017####ag#||||||||||||||#||spa|| | ||
| 005 | 20210927095744.0 | ||
| 245 | 1 | 0 | |a Derecho tributario y aduanero : |b Tratamiento constitucional, penal y contencioso administrativo / |c dirigido por Guido I. Risso. |
| 250 | |a 1º ed. | ||
| 260 | |a Buenos Aires : |b Hammurabi, |c 2017 | ||
| 300 | |a 468 p. | ||
| 505 | 0 | |a Encuadre constitucional del Derecho Tributario. Procedimiento ante la Administración Federal de Ingresos Públicos. Presunciones en el Derecho Tributario . El proceso contencioso judicial. Procedimiento administrativo aduanero. Procedimiento ante la justicia penal por apelación contra sanción administrativa (Ley 11.683). Proceso Penal Tributario. Delitos. | |
| 020 | |a 9789507418136 | ||
| 700 | 1 | |a Risso, Guido I. |e director | |
| 700 | 1 | |a Lega, Pablo J. | |
| 700 | 1 | |a Villarruel, Gonzalo E. | |
| 700 | 1 | |a Yannielli, Martín | |
| 700 | 1 | |a Bianchi, Juan M. | |
| 650 | 7 | |a DERECHO TRIBUTARIO |2 UNBIS | |
| 650 | 7 | |a Derecho tributario y aduanero |2 SAIJ | |
| 859 | |a DERECHO |b BIB. DERECHO |h 343.04 |i RIS |k 1.37 |p 008459 |t 1 | ||
